Historia de la filosofía

Guardat en:
Dades bibliogràfiques
Autor principal: Vallmajó Riera, L (Autor)
Format: Llibre
Idioma:espanyol
Publicat: Barcelona Edebé 1999
Col·lecció:Bachillerato
Matèries:
Etiquetes: Afegir etiqueta
Sense etiquetes, Sigues el primer a etiquetar aquest registre!

MARC

LEADER 00000nam a2200000 a 4500
001 UCN1068
003 CL-VaPUC
005 20240827104802.0
008 010420e19990000SP |||||||||||||||||spa|d
999 |c 294658  |d 294656 
020 |a 8423648370 
040 |c Pontificia Universidad Católica de Valparaíso 
082 0 4 |a 109  |b VAL  |2 21 
100 0 |a Vallmajó Riera, L  |e author  |9 456446 
245 1 0 |a Historia de la filosofía 
260 |a Barcelona  |b Edebé  |c 1999 
300 |a 431 p 
490 0 |a Bachillerato 
583 |a last modification  |c 20010420 00:00:00  |k Rodrigo Vera 
650 0 |a Historia  |x Filosofía  |9 860696 
650 0 |a Filosofía antigua   |9 255705 
650 0 |a Filosofía medieval  |9 256245 
650 0 |a Filosofía moderna  |9 258121 
650 0 |a Filosofía de la ciencia  |9 863129 
942 |c BK  |2 ddc 
945 |d 20010420 00:00:00  |a vberengu 
952 |0 0  |1 0  |4 0  |6 109_000000000000000_VAL_1999  |7 0  |8 A  |9 347289  |a BIBTEO  |b BIBTEO  |d 2019-11-20  |i 3840662  |l 1  |o 109 VAL 1999  |p 3840662  |r 2025-01-17  |s 2024-08-26  |w 2019-11-20  |y BK  |k ICR 
952 |0 0  |1 2  |4 0  |6 109_000000000000000_VAL_1999  |7 0  |8 R  |9 347290  |a BIBGIM  |b BIBGIM  |d 2019-11-20  |i 4100174  |o 109 VAL 1999  |p 4100174  |r 2019-11-20  |w 2019-11-20  |y BK_R  |k SSL 
952 |0 0  |1 0  |4 0  |6 109_000000000000000_VAL_1999  |7 0  |8 R  |9 347291  |a BIBGIM  |b BIBGIM  |d 2019-11-20  |i 4100182  |o 109 VAL 1999  |p 4100182  |r 2025-01-15  |w 2019-11-20  |y BK_R  |k SSL